Kundrattoff

Podrobná bibliografia
Hlavný autor: Andrejčík, Maroš, 1972- (Autor)
Médium: Článok
Jazyk:slovenčina
ISSN:1210-2210
Predmet:

MARC

LEADER 00000nab a2200000 a 4500
001 vtls009307561
003 SK-MaSNL
005 20260303060039.0
008 140423c2008 xo |r|p|||||||000 b|slo
015 |a SNBRB2008/06  |2 snkbucl 
038 |a SNKBUCL 
041 0 |a slo 
044 |a xo  |c SK 
080 |a 821.162.4-32  |2 2001 
100 1 |a Andrejčík, Maroš,  |d 1972-  |4 aut  |9 87738 
245 1 0 |a Kundrattoff  |c Maroš Andrejčík 
650 0 7 |a spoločenské poviedky, slovenské  |2 snkbucl  |9 28976 
773 0 |t Dotyky  |g Roč. XX, č. 1 (2008), s. 14-18  |x 1210-2210 
852 |a SNK  |b KIS3GCP 
958 |a LX 
958 |a SK 
999 |c 1729913  |d 1731843